000 00335 a2200121 4500
000 nam a22 7a 4500
005 20260409115247.0
020 _a9789361314865
100 _aChakrabarty, Bidyut
245 _aReinventing Aurobindo Ghose: Ideational Vision and Nationalism
260 _bBloomsbury Publishing
_c2025
942 _cTEXL
999 _c1848158
_d1848158